Química, Segundo medio: texto para el estudiante
Saved in:
| Main Authors: | , |
|---|---|
| Format: | Bog |
| Sprog: | spansk |
| Udgivet: |
Santiago
Zig-Zag
2002
|
| Serier: | Ciencias Naturales
|
| Fag: | |
| Tags: |
Tilføj Tag
Ingen Tags, Vær først til at tagge denne postø!
|
MARC
| LEADER | 00000nam a2200000 a 4500 | ||
|---|---|---|---|
| 001 | UCL1955 | ||
| 003 | CL-VaPUC | ||
| 008 | 030926e20020000CL |||||||||||||||||spa|d | ||
| 020 | |a 9561214555 | ||
| 082 | 0 | 4 | |a 540.712 |b TOR |2 21 |
| 100 | 0 | |a Toro Labbé, Alejandro |e author |9 478968 | |
| 700 | 0 | |a Gutiérrez Oliva, Soledad |e author |9 478969 | |
| 245 | 1 | 0 | |a Química, Segundo medio: texto para el estudiante |
| 300 | |a 174 p | ||
| 942 | |c BK | ||
| 945 | |d 20030926 00:00:00 |a cmena | ||
| 260 | |a Santiago |b Zig-Zag |c 2002 | ||
| 650 | 0 | |a Química |9 259896 | |
| 650 | 0 | |a Enseñanza de la química |9 339845 | |
| 650 | 0 | |a Libros de texto |9 270019 | |
| 650 | 0 | |a Educación científica |9 307484 | |
| 583 | |a last modification |c 20190610 15:15:03 |k Rodrigo Vera | ||
| 490 | 0 | |a Ciencias Naturales | |
| 999 | |c 305387 |d 305385 | ||
| 952 | |0 0 |1 0 |4 0 |6 540_712000000000000_TOR_2002 |7 0 |8 P |9 369205 |a BIBEDU |b BIBEDU |d 2019-11-21 |i 3945022 |o 540.712 TOR 2002 |p 3945022 |r 2019-11-21 |w 2019-11-21 |y BK |k EBA | ||
| 952 | |0 0 |1 0 |4 0 |6 540_712000000000000_TOR_2002 |7 0 |8 P |9 369206 |a BIBEDU |b BIBEDU |d 2019-11-21 |i 3945030 |o 540.712 TOR 2002 |p 3945030 |r 2019-11-21 |w 2019-11-21 |y BK |k EBA | ||
| 952 | |0 0 |1 0 |4 0 |6 540_712000000000000_TOR_2002 |7 0 |8 P |9 369208 |a BIBEDU |b BIBEDU |c BIBEDU_PB |d 2019-11-21 |i 3945057 |o 540.712 TOR 2002 |p 3945057 |r 2024-01-25 |w 2019-11-21 |y BK |k EBA | ||
| 952 | |0 0 |1 0 |4 0 |6 540_712000000000000_TOR_2002 |7 0 |8 P |9 369209 |a BIBEDU |b BIBEDU |d 2019-11-21 |i 3945073 |o 540.712 TOR 2002 |p 3945073 |r 2019-11-21 |w 2019-11-21 |y BK |k EBA | ||